[Event "Irish Championship 2008"]
[Site "Dublin IRL"]
[Date "2008.07.06"]
[Round "2"]
[White "Keogh, Eamon"]
[Black "Short, Philip"]
[Result "0-1"]
[WhiteTitle "NM"]
[BlackTitle "FM"]
[WhiteElo "2092"]
[BlackElo "2300"]
[WhiteICU "2026"]
[BlackICU "2271"]
[WhiteClub "Kilkenny"]
[WhiteNationality "IRL"]
[BlackNationality "IRL"]
[WhiteFideId "2500264"]
[BlackFideId "2500086"]
[WhiteICUId "731"]
[BlackICUId "1557"]
[PlyCount "106"]
[EventDate "2008.07.05"]
[Source "ICU web site; TWIC 714"]

{ Source: Mark Orr, <a href="https://www.icu.ie/articles/188">Irish Chess
Championships 2008</a>, ICU web site; TWIC 714. } { Event information: <a
href="https://www.irlchess.com/irlch2008_allfiles/pairings_irlch2008.html">Tournament
report</a>. }

1. f4 d5 2. Nf3 Nf6 3. b3 g6 4. Bb2 Bg7 5. e3 O-O 6. Be2 b6 7. O-O Bb7 8.
Qe1 c5 9. Qh4 e6 10. Qh3 Nfd7 11. Bxg7 Kxg7 12. d3 Na6 13. Nbd2 e5 14. f5
Nb4 15. Bd1 e4 16. a3 exf3 17. axb4 fxg2 18. Qxg2 Qe7 19. Qf2 cxb4 20. Nf3
a5 21. Nd4 Rae8 22. Re1 Qg5+ 23. Qg3 Qxg3+ 24. hxg3 Ne5 25. Kf2 Nc6 26. Nf3
Bc8 27. fxg6 fxg6 28. Kg2 Re7 29. Rc1 d4 30. exd4 Rxe1 31. Nxe1 Nxd4 32. c3
Bb7+ 33. Kg1 bxc3 34. Rxc3 Rc8 35. Rc4 Rxc4 36. dxc4 Kf6 37. Kf2 Nf5 38. g4
Nd6 39. Ke3 Nf7 40. Kd4 Ng5 41. Nd3 Ne6+ 42. Ke3 Nc5 43. Nf2 Ke5 44. Bc2
Bc8 45. Bd1 Be6 46. Nh3 b5 47. cxb5 Bxb3 48. Bxb3 Nxb3 49. Ng5 h5 50. gxh5
gxh5 51. Kd3 Kd5 52. Kc3 Nd4 53. b6 Nb5+ 0-1

[Event "Irish Championship 2008"]
[Site "Dublin IRL"]
[Date "2008.07.06"]
[Round "2"]
[White "O'Connell, Gerard"]
[Black "Baburin, Alexander"]
[Result "0-1"]
[BlackTitle "GM"]
[WhiteElo "2122"]
[BlackElo "2526"]
[WhiteICU "2105"]
[BlackICU "2534"]
[WhiteClub "St. Benildus"]
[BlackClub "Kilkenny"]
[WhiteNationality "IRL"]
[BlackNationality "IRL"]
[WhiteFideId "2500493"]
[BlackFideId "2500914"]
[WhiteICUId "1231"]
[BlackICUId "7085"]
[PlyCount "102"]
[EventDate "2008.07.05"]
[Source "ICU web site; TWIC 714"]

{ Source: Mark Orr, <a href="https://www.icu.ie/articles/188">Irish Chess
Championships 2008</a>, ICU web site; TWIC 714. } { Event information: <a
href="https://www.irlchess.com/irlch2008_allfiles/pairings_irlch2008.html">Tournament
report</a>. }

1. d4 d5 2. c4 c6 3. Nf3 Nf6 4. Nc3 a6 5. e3 Bf5 6. Bd3 Bxd3 7. Qxd3 e6 8.
O-O Bb4 9. Bd2 O-O 10. Nxd5 Nxd5 11. cxd5 Bxd2 12. Nxd2 exd5 13. b4 Qe7 14.
a4 Nd7 15. Rfc1 Nf6 16. Rab1 Rfc8 17. Qf5 Ne8 18. Qe5 Qxe5 19. dxe5 f6 20.
Nf3 fxe5 21. Nxe5 Nd6 22. Kf1 Re8 23. f4 Nf7 24. Nxf7 Kxf7 25. b5 cxb5 26.
axb5 Rxe3 27. Rc7+ Re7 28. b6 Rd8 29. Kf2 Rd6 30. g4 d4 31. Kf3 d3 32. Re1
Rxc7 33. bxc7 Rc6 34. Rd1 Rxc7 35. Rxd3 Ke6 36. f5+ Ke5 37. Re3+ Kd5 38. g5
b5 39. Re6 a5 40. Rb6 Kc4 41. f6 gxf6 42. gxf6 a4 43. Ke4 a3 44. Ra6 b4 45.
Ke5 Kb3 46. Kd6 Rb7 47. Ke6 Ka2 48. f7 Rxf7 49. Kxf7 b3 50. h4 b2 51. Rb6
h5 0-1

[Event "Irish Championship 2008"]
[Site "Dublin IRL"]
[Date "2008.07.06"]
[Round "2"]
[White "Redmond, John P."]
[Black "Griffiths, Ryan-Rhys"]
[Result "1-0"]
[WhiteElo "2188"]
[BlackElo "2069"]
[BlackICU "2100"]
[WhiteClub "Atticus ENG"]
[BlackClub "Kilkenny"]
[WhiteNationality "IRL"]
[BlackNationality "IRL"]
[WhiteFideId "2500051"]
[BlackFideId "2502054"]
[WhiteICUId "1422"]
[BlackICUId "6897"]
[PlyCount "71"]
[EventDate "2008.07.05"]
[Source "ICU web site; TWIC 714"]

{ Source: Mark Orr, <a href="https://www.icu.ie/articles/188">Irish Chess
Championships 2008</a>, ICU web site; TWIC 714. } { Event information: <a
href="https://www.irlchess.com/irlch2008_allfiles/pairings_irlch2008.html">Tournament
report</a>. }

1. c4 c5 2. Nf3 Nc6 3. Nc3 e5 4. e3 Nf6 5. d4 cxd4 6. exd4 e4 7. Ne5 Bb4 8.
Be2 Qa5 9. Nxc6 dxc6 10. O-O O-O 11. Bd2 Re8 12. a3 Bxc3 13. Bxc3 Qg5 14.
Qc1 Qg6 15. Qe3 h5 16. Rae1 Bf5 17. h3 Rad8 18. Kh1 Qh7 19. Bd1 Re6 20. Qg5
Rde8 21. Bc2 Ng4 22. d5 cxd5 23. cxd5 f6 24. Qc1 e3 25. Bxf5 Qxf5 26. hxg4
hxg4 27. dxe6 exf2 28. Rxf2 Qh5+ 29. Kg1 g3 30. Qe3 Qh2+ 31. Kf1 gxf2 32.
Kxf2 f5 33. e7 f4 34. Qe6+ Kh8 35. Qg4 Qh6 36. Rh1 1-0

[Event "Irish Championship 2008"]
[Site "Dublin IRL"]
[Date "2008.07.06"]
[Round "2"]
[White "Fox, Anthony"]
[Black "Benson, Oisin P."]
[Result "1-0"]
[WhiteElo "2068"]
[BlackElo "1852"]
[WhiteICU "2054"]
[BlackICU "1785"]
[WhiteClub "Dun Laoghaire"]
[BlackClub "St. Benildus"]
[BlackNationality "IRL"]
[WhiteFideId "2500736"]
[BlackFideId "2501821"]
[WhiteICUId "456"]
[BlackICUId "5884"]
[PlyCount "81"]
[EventDate "2008.07.05"]
[Source "ICU web site; TWIC 714"]
[BlackFullName "Benson, Ois&iacute;n P."]

{ Source: Mark Orr, <a href="https://www.icu.ie/articles/188">Irish Chess
Championships 2008</a>, ICU web site; TWIC 714. } { Event information: <a
href="https://www.irlchess.com/irlch2008_allfiles/pairings_irlch2008.html">Tournament
report</a>. }

1. e4 c5 2. Nc3 Nc6 3. g3 g6 4. Bg2 Bg7 5. d3 d6 6. Be3 e6 7. Qd2 Rb8 8.
Nge2 b5 9. O-O b4 10. Nd1 Nd4 11. Nc1 Ne7 12. c3 bxc3 13. bxc3 Nb5 14. a4
Nc7 15. d4 cxd4 16. Bxd4 Bxd4 17. cxd4 O-O 18. Ne3 Na6 19. Ne2 Nb4 20. Rfb1
a5 21. Nf4 Ba6 22. Bf1 Bxf1 23. Kxf1 Qb6 24. Kg2 Rfc8 25. d5 e5 26. Ne2 Rc5
27. Ng4 Kh8 28. Rc1 Rbc8 29. Nf6 Kg7 30. Nd7 Rc2 31. Nxb6 Rxd2 32. Nxc8
Nxc8 33. Rxc8 Rxe2 34. Kf3 Rd2 35. Ra8 Nc2 36. Rc1 Nd4+ 37. Kg2 Re2 38. Rc7
Rxe4 39. Raa7 Nb3 40. Rxf7+ Kg8 41. Rfb7 1-0

[Event "Irish Championship 2008"]
[Site "Dublin IRL"]
[Date "2008.07.06"]
[Round "2"]
[White "Boyle, Bernard"]
[Black "Cafolla, Peter"]
[Result "1-0"]
[WhiteElo "1945"]
[BlackElo "2055"]
[WhiteICU "1798"]
[BlackICU "2004"]
[WhiteClub "Elm Mount"]
[BlackClub "Rathmines"]
[WhiteNationality "IRL"]
[BlackNationality "IRL"]
[WhiteFideId "2501830"]
[BlackFideId "2500884"]
[WhiteICUId "3172"]
[BlackICUId "159"]
[PlyCount "61"]
[EventDate "2008.07.05"]
[Source "ICU web site; TWIC 714"]

{ Source: Mark Orr, <a href="https://www.icu.ie/articles/188">Irish Chess
Championships 2008</a>, ICU web site; TWIC 714. } { Event information: <a
href="https://www.irlchess.com/irlch2008_allfiles/pairings_irlch2008.html">Tournament
report</a>. }

1. d4 d5 2. Bf4 c5 3. e3 e6 4. Nf3 Qb6 5. Nc3 cxd4 6. exd4 Qxb2 7. Nb5 Bb4+
8. Nd2 Na6 9. a3 Ba5 10. Rb1 Qa2 11. Qc1 e5 12. Bxe5 f6 13. Bf4 g5 14. Be3
Ne7 15. Ra1 Qxa1 16. Qxa1 O-O 17. Bd3 Nf5 18. Bxf5 Bxf5 19. O-O Bxc2 20.
Qa2 Bd3 21. Qxd5+ Kh8 22. Rc1 Rac8 23. Rxc8 Rxc8 24. Nb3 Rd8 25. Qxb7 Rb8
26. Qxa6 Rxb5 27. Qxf6+ Kg8 28. Qe6+ Kg7 29. Qd7+ Kg6 30. Qxb5 Bxb5 31.
Nxa5 1-0

[Event "Irish Championship 2008"]
[Site "Dublin IRL"]
[Date "2008.07.06"]
[Round "2"]
[White "Daly, Colm"]
[Black "Fitzsimons, David"]
[Result "1-0"]
[WhiteTitle "FM"]
[WhiteElo "2311"]
[BlackElo "2133"]
[WhiteICU "2277"]
[BlackICU "2118"]
[BlackClub "Elm Mount"]
[WhiteNationality "IRL"]
[BlackNationality "IRL"]
[WhiteFideId "2500434"]
[BlackFideId "2501961"]
[WhiteICUId "295"]
[BlackICUId "6236"]
[PlyCount "89"]
[EventDate "2008.07.05"]
[Source "ICU web site; TWIC 714"]

{ Source: Mark Orr, <a href="https://www.icu.ie/articles/188">Irish Chess
Championships 2008</a>, ICU web site; TWIC 714. } { Event information: <a
href="https://www.irlchess.com/irlch2008_allfiles/pairings_irlch2008.html">Tournament
report</a>. }

1. e4 c5 2. Nf3 Nf6 3. Nc3 d5 4. exd5 Nxd5 5. Bb5+ Bd7 6. Be2 Nxc3 7. bxc3
Nc6 8. O-O g6 9. Rb1 Qc7 10. Re1 Bg7 11. d4 Rd8 12. Bg5 Be6 13. Bb5 O-O 14.
Bxc6 bxc6 15. Qc1 cxd4 16. cxd4 Bxd4 17. Nxd4 Rxd4 18. Qb2 Rfd8 19. Bh6 Qd6
20. Rbd1 f6 21. Rxd4 Qxd4 22. Qxd4 Rxd4 23. Be3 Ra4 24. Bc5 Rxa2 25. Bxe7
Kf7 26. Bc5 a5 27. Rb1 Bf5 28. f3 Rxc2 29. Rb7+ Ke6 30. Bf8 Kd5 31. g4 Bd3
32. Rxh7 g5 33. Rd7+ Kc4 34. Be7 a4 35. Bxf6 a3 36. Rd4+ Kb3 37. Rxd3+ Ka2
38. Bxg5 Rb2 39. Bf6 c5 40. g5 c4 41. Rc3 Rb3 42. Rxc4 Rxf3 43. Kg2 Rb3 44.
g6 Rb6 45. g7 1-0

[Event "Irish Championship 2008"]
[Site "Dublin IRL"]
[Date "2008.07.06"]
[Round "2"]
[White "Healy, John"]
[Black "Carosso, Andrea"]
[Result "1/2-1/2"]
[WhiteElo "1864"]
[BlackElo "2046"]
[WhiteICU "1777"]
[WhiteClub "St. Benildus"]
[WhiteNationality "IRL"]
[BlackNationality "ITA"]
[WhiteFideId "2500965"]
[BlackFideId "814288"]
[WhiteICUId "4563"]
[PlyCount "64"]
[EventDate "2008.07.05"]
[Source "ICU web site; TWIC 714"]

{ Source: Mark Orr, <a href="https://www.icu.ie/articles/188">Irish Chess
Championships 2008</a>, ICU web site; TWIC 714. } { Event information: <a
href="https://www.irlchess.com/irlch2008_allfiles/pairings_irlch2008.html">Tournament
report</a>. }

1. e4 c6 2. c4 e5 3. Nf3 d6 4. d4 Bg4 5. d5 f5 6. Qb3 Qb6 7. Ng5 Qxb3 8.
axb3 fxe4 9. Nc3 Nf6 10. Ngxe4 Nxe4 11. Nxe4 cxd5 12. cxd5 h6 13. Be3 a6
14. Ra4 Bf5 15. Bd3 Bxe4 16. Bxe4 Nd7 17. Bg6+ Kd8 18. O-O Rc8 19. Rb4 Rc7
20. Rc1 Rxc1+ 21. Bxc1 b5 22. Bd2 Be7 23. Rg4 Bf6 24. Rg3 Kc7 25. Ba5+ Kb7
26. Bf5 Rc8 27. Kf1 Rc1+ 28. Ke2 Nb6 29. Bxb6 Kxb6 30. Rc3 Rxc3 31. bxc3 a5
32. b4 a4 1/2-1/2

[Event "Irish Championship 2008"]
[Site "Dublin IRL"]
[Date "2008.07.07"]
[Round "3"]
[White "Short, Philip"]
[Black "Butnorius, Algimantas"]
[Result "0-1"]
[WhiteTitle "FM"]
[BlackTitle "GM"]
[WhiteElo "2300"]
[BlackElo "2442"]
[WhiteICU "2271"]
[WhiteNationality "IRL"]
[BlackNationality "LTU"]
[WhiteFideId "2500086"]
[BlackFideId "12800066"]
[WhiteICUId "1557"]
[PlyCount "60"]
[EventDate "2008.07.05"]
[Source "ICU web site; TWIC 714"]

{ Annotator: Mark Orr, <a href="http://www.icu.ie/games/29086">ICU games
archive</a>. } { Source: Mark Orr, <a
href="https://www.icu.ie/articles/188">Irish Chess Championships 2008</a>,
ICU web site; TWIC 714. } { Event information: <a
href="https://www.irlchess.com/irlch2008_allfiles/pairings_irlch2008.html">Tournament
report</a>. }

1. d4 Nf6 2. c4 e6 3. Nf3 b6 4. a3 Bb7 5. Nc3 d5 6. cxd5 Nxd5 7. e3 Be7 8.
Bb5+ c6 9. Bd3 O-O 10. O-O c5 11. Nxd5 Bxd5 12. Qc2 h6 13. dxc5 bxc5 14. e4
Bb7 15. Be3 Nd7 16. Rfd1 Qc7 17. Rac1 Rac8 18. Qe2 Rfd8 19. b4 Qb8 20. Bb5
Nf6 21. Rxd8+ Bxd8 22. bxc5 Nxe4 23. Bd7 Rc7 24. Bf4 Rxc5 25. Rxc5 Qxf4 26.
Rc2 Bb6 27. Qd1 g5 28. h3 h5 29. Bc8 Bd5 30. Qe1 g4 0-1

[Event "Irish Championship 2008"]
[Site "Dublin IRL"]
[Date "2008.07.07"]
[Round "3"]
[White "Jeffares, Simon"]
[Black "Fox, Anthony"]
[Result "1/2-1/2"]
[WhiteElo "2111"]
[BlackElo "2068"]
[WhiteICU "2106"]
[BlackICU "2054"]
[WhiteClub "St. Benildus"]
[BlackClub "Dun Laoghaire"]
[WhiteNationality "IRL"]
[WhiteFideId "2501376"]
[BlackFideId "2500736"]
[WhiteICUId "3568"]
[BlackICUId "456"]
[PlyCount "38"]
[EventDate "2008.07.05"]
[Source "ICU web site; TWIC 714"]

{ Source: Mark Orr, <a href="https://www.icu.ie/articles/188">Irish Chess
Championships 2008</a>, ICU web site; TWIC 714. } { Event information: <a
href="https://www.irlchess.com/irlch2008_allfiles/pairings_irlch2008.html">Tournament
report</a>. }

1. c4 e6 2. Nc3 d5 3. d4 Nf6 4. Nf3 Be7 5. Bg5 O-O 6. e3 h6 7. Bxf6 Bxf6 8.
cxd5 exd5 9. Be2 Be6 10. b4 c6 11. O-O Nd7 12. Rc1 Be7 13. a3 a5 14. Qb3
axb4 15. axb4 b5 16. Ne1 Nb6 17. Nc2 Nc4 18. Rfe1 Qb6 19. Bd3 Rfd8 1/2-1/2

[Event "Irish Championship 2008"]
[Site "Dublin IRL"]
[Date "2008.07.07"]
[Round "3"]
[White "Short, Stephen"]
[Black "Healy, John"]
[Result "0-1"]
[WhiteElo "2033"]
[BlackElo "1864"]
[WhiteICU "1871"]
[BlackICU "1777"]
[WhiteClub "Cork"]
[BlackClub "St. Benildus"]
[WhiteNationality "IRL"]
[BlackNationality "IRL"]
[WhiteFideId "2500108"]
[BlackFideId "2500965"]
[WhiteICUId "1497"]
[BlackICUId "4563"]
[PlyCount "74"]
[EventDate "2008.07.05"]
[Source "ICU web site; TWIC 714"]

{ Source: Mark Orr, <a href="https://www.icu.ie/articles/188">Irish Chess
Championships 2008</a>, ICU web site; TWIC 714. } { Event information: <a
href="https://www.irlchess.com/irlch2008_allfiles/pairings_irlch2008.html">Tournament
report</a>. }

1. e4 c5 2. Nf3 a6 3. d4 cxd4 4. Nxd4 e5 5. Nb3 Nf6 6. Bd3 b5 7. O-O Bb7 8.
Qe2 d5 9. exd5 Qxd5 10. f3 Be7 11. a4 b4 12. Rd1 Qe6 13. Be3 O-O 14. Nc5
Qc6 15. Nxb7 Qxb7 16. Nd2 Nc6 17. Ne4 Nxe4 18. Bxe4 Rac8 19. Rd2 Rc7 20.
Rad1 Qc8 21. Bb6 Nd4 22. Qd3 Rc4 23. Bxh7+ Kh8 24. Bxd4 Rxd4 25. Qf5 Rxd2
26. Rxd2 Qc5+ 27. Kf1 g6 28. Bxg6 fxg6 29. Qxg6 Qc4+ 30. Qd3 Qf4 31. Qd7
Bg5 32. Qh3+ Bh4 33. Rd1 e4 34. Ke2 exf3+ 35. gxf3 Qc4+ 36. Kd2 Rd8+ 37.
Kc1 Qf4+ 0-1

[Event "Irish Championship 2008"]
[Site "Dublin IRL"]
[Date "2008.07.07"]
[Round "3"]
[White "Carosso, Andrea"]
[Black "McCarthy, Tim"]
[Result "1-0"]
[WhiteElo "2046"]
[BlackElo "2020"]
[BlackICU "1865"]
[BlackClub "St. Benildus"]
[WhiteNationality "ITA"]
[BlackNationality "IRL"]
[WhiteFideId "814288"]
[BlackFideId "2500710"]
[BlackICUId "1032"]
[PlyCount "59"]
[EventDate "2008.07.05"]
[Source "ICU web site; TWIC 714"]

{ Source: Mark Orr, <a href="https://www.icu.ie/articles/188">Irish Chess
Championships 2008</a>, ICU web site; TWIC 714. } { Event information: <a
href="https://www.irlchess.com/irlch2008_allfiles/pairings_irlch2008.html">Tournament
report</a>. }

1. d4 Nf6 2. c4 e6 3. Nc3 Bb4 4. Qc2 c5 5. dxc5 Na6 6. a3 Bxc3+ 7. Qxc3
Nxc5 8. f3 d5 9. cxd5 Qxd5 10. e4 Qc6 11. Be3 Ncd7 12. Qxc6 bxc6 13. Rc1
Bb7 14. Ne2 O-O 15. Nd4 Rfc8 16. Be2 a5 17. b3 Kf8 18. O-O Ba6 19. Bxa6
Rxa6 20. Rc3 c5 21. Nb5 Ne8 22. Rfc1 a4 23. b4 Rb8 24. Bxc5+ Nxc5 25. Rxc5
Ke7 26. Nc7 Nxc7 27. Rxc7+ Kf6 28. Rd1 Raa8 29. Rdd7 Rf8 30. Ra7 1-0

[Event "Irish Championship 2008"]
[Site "Dublin IRL"]
[Date "2008.07.07"]
[Round "3"]
[White "Orr, Mark J. L."]
[Black "Redmond, John P."]
[Result "1/2-1/2"]
[WhiteTitle "IM"]
[WhiteElo "2258"]
[BlackElo "2188"]
[WhiteICU "2199"]
[WhiteClub "Wandering Dragons SCO"]
[BlackClub "Atticus ENG"]
[WhiteNationality "IRL"]
[BlackNationality "IRL"]
[WhiteFideId "2500035"]
[BlackFideId "2500051"]
[WhiteICUId "1350"]
[BlackICUId "1422"]
[PlyCount "38"]
[EventDate "2008.07.05"]
[Source "ICU web site; TWIC 714"]

{ Source: Mark Orr, <a href="https://www.icu.ie/articles/188">Irish Chess
Championships 2008</a>, ICU web site; TWIC 714. } { Event information: <a
href="https://www.irlchess.com/irlch2008_allfiles/pairings_irlch2008.html">Tournament
report</a>. }

1. d4 e6 2. Nf3 f5 3. g3 Nf6 4. Bg2 d5 5. O-O Bd6 6. c4 c6 7. b3 Qe7 8. a4
O-O 9. a5 Bd7 10. Ba3 Bxa3 11. Rxa3 Ne4 12. Qc1 Be8 13. Ne5 a6 14. f3 Nd6
15. Nc3 Nd7 16. Nxd7 Bxd7 17. c5 Nb5 18. Nxb5 cxb5 19. f4 Qf6 1/2-1/2

[Event "Irish Championship 2008"]
[Site "Dublin IRL"]
[Date "2008.07.07"]
[Round "3"]
[White "Greenfeld, Alon"]
[Black "Hebden, Mark"]
[Result "1-0"]
[WhiteTitle "GM"]
[BlackTitle "GM"]
[WhiteElo "2545"]
[BlackElo "2520"]
[WhiteNationality "ISR"]
[BlackNationality "ENG"]
[WhiteFideId "2800039"]
[BlackFideId "400084"]
[BlackICUId "7292"]
[PlyCount "91"]
[EventDate "2008.07.05"]
[Source "ICU web site; TWIC 714"]

{ Source: Mark Orr, <a href="https://www.icu.ie/articles/188">Irish Chess
Championships 2008</a>, ICU web site; TWIC 714. } { Event information: <a
href="https://www.irlchess.com/irlch2008_allfiles/pairings_irlch2008.html">Tournament
report</a>. }

1. d4 Nf6 2. c4 g6 3. Nf3 Bg7 4. g3 O-O 5. Bg2 d6 6. Nc3 Nc6 7. O-O Rb8 8.
h3 a6 9. e4 b5 10. cxb5 axb5 11. Re1 e6 12. Qc2 b4 13. Ne2 Bb7 14. Bg5 h6
15. Bd2 e5 16. dxe5 dxe5 17. Nc1 Qe7 18. Nb3 Rfd8 19. Be3 Qe8 20. Rac1 Ba8
21. Qc4 Nd7 22. Rcd1 Nb6 23. Qc1 Kh7 24. Nc5 Nd4 25. Nxd4 exd4 26. Bf4 Rbc8
27. h4 Qb5 28. Bh3 Bf8 29. Nd3 b3 30. axb3 Qxb3 31. Ne5 c5 32. Rd3 Qb5 33.
Rf3 c4 34. Nxf7 Qh5 35. Ne5 d3 36. Bg4 d2 37. Bxh5 dxc1=Q 38. Bxg6+ Kg7 39.
Bxc1 Rc7 40. Bh5 Bb4 41. Nf7 Bxe1 42. Nxd8 Re7 43. Rf7+ Rxf7 44. Nxf7 Bxe4
45. Bxh6+ Kf6 46. Bg5+ 1-0

[Event "Irish Championship 2008"]
[Site "Dublin IRL"]
[Date "2008.07.07"]
[Round "3"]
[White "Baburin, Alexander"]
[Black "Daly, Colm"]
[Result "1-0"]
[WhiteTitle "GM"]
[BlackTitle "FM"]
[WhiteElo "2526"]
[BlackElo "2311"]
[WhiteICU "2534"]
[BlackICU "2277"]
[WhiteClub "Kilkenny"]
[WhiteNationality "IRL"]
[BlackNationality "IRL"]
[WhiteFideId "2500914"]
[BlackFideId "2500434"]
[WhiteICUId "7085"]
[BlackICUId "295"]
[PlyCount "81"]
[EventDate "2008.07.05"]
[Source "ICU web site; TWIC 714"]

{ Source: Mark Orr, <a href="https://www.icu.ie/articles/188">Irish Chess
Championships 2008</a>, ICU web site; TWIC 714. } { Event information: <a
href="https://www.irlchess.com/irlch2008_allfiles/pairings_irlch2008.html">Tournament
report</a>. }

1. d4 Nf6 2. c4 g6 3. Nf3 Bg7 4. g3 d6 5. Bg2 O-O 6. O-O c6 7. b3 Qa5 8.
Bb2 Qh5 9. Nbd2 Bh3 10. e4 Bxg2 11. Kxg2 Nbd7 12. h3 Qa5 13. e5 dxe5 14.
dxe5 Nh5 15. Qe2 Rad8 16. a3 f5 17. b4 Qc7 18. Rad1 e6 19. Nb3 Rfe8 20. c5
b6 21. Qc4 Bf8 22. Rfe1 b5 23. Qc3 Nb8 24. Rd6 Ng7 25. Na5 Rc8 26. Bc1 Qf7
27. Ng5 Qe7 28. h4 Rc7 29. Qf3 Rec8 30. Qb3 Re8 31. Red1 h6 32. Nf3 Kh7 33.
Nd4 Qf7 34. Qf3 Rec8 35. Qe3 f4 36. Qxf4 Qxf4 37. Bxf4 Bxd6 38. exd6 Rf7
39. Re1 Rf6 40. Be5 Rf7 41. g4 1-0

[Event "Irish Championship 2008"]
[Site "Dublin IRL"]
[Date "2008.07.07"]
[Round "3"]
[White "Loughran, John"]
[Black "Quinn, Ciaran"]
[Result "1-0"]
[WhiteElo "1805"]
[BlackElo "2156"]
[WhiteICU "1654"]
[BlackICU "1923"]
[WhiteClub "Elm Mount"]
[BlackClub "Elm Mount"]
[WhiteNationality "IRL"]
[BlackNationality "IRL"]
[WhiteFideId "2501562"]
[BlackFideId "2500817"]
[WhiteICUId "795"]
[BlackICUId "1398"]
[PlyCount "69"]
[EventDate "2008.07.05"]
[Source "ICU web site; TWIC 714"]
[BlackFullName "Quinn, Ciar&aacute;n"]

{ Source: Mark Orr, <a href="https://www.icu.ie/articles/188">Irish Chess
Championships 2008</a>, ICU web site; TWIC 714. } { Event information: <a
href="https://www.irlchess.com/irlch2008_allfiles/pairings_irlch2008.html">Tournament
report</a>. }

1. d4 Nf6 2. c4 e6 3. Nf3 d5 4. Nc3 Be7 5. Bg5 Nbd7 6. e3 O-O 7. cxd5 exd5
8. Bd3 Re8 9. O-O c6 10. Qc2 h6 11. Bh4 Nf8 12. Rfb1 Nh5 13. Bg3 Nxg3 14.
hxg3 Bd6 15. b4 a6 16. a4 Bg4 17. b5 axb5 18. axb5 Rxa1 19. Rxa1 Qe7 20.
bxc6 bxc6 21. Nh2 Bd7 22. Nf1 Ne6 23. Ra7 Qd8 24. Qa4 Nf8 25. Qc2 Qf6 26.
Na4 Rb8 27. Nc5 Bxc5 28. Qxc5 Rb2 29. f3 Rb8 30. Qa3 Bf5 31. Bxf5 Qxf5 32.
Qe7 Rb2 33. e4 dxe4 34. Ne3 Qb5 35. Qxf7+ 1-0

[Event "Irish Championship 2008"]
[Site "Dublin IRL"]
[Date "2008.07.07"]
[Round "3"]
[White "Weeks, Manuel"]
[Black "Conquest, Stuart"]
[Result "0-1"]
[WhiteTitle "FM"]
[BlackTitle "GM"]
[WhiteElo "2174"]
[BlackElo "2536"]
[WhiteClub "Dun Laoghaire"]
[WhiteNationality "AUS"]
[BlackNationality "ENG"]
[WhiteFideId "3202500"]
[BlackFideId "400181"]
[PlyCount "66"]
[EventDate "2008.07.05"]
[Source "ICU web site; TWIC 714"]

{ Source: Mark Orr, <a href="https://www.icu.ie/articles/188">Irish Chess
Championships 2008</a>, ICU web site; TWIC 714. } { Event information: <a
href="https://www.irlchess.com/irlch2008_allfiles/pairings_irlch2008.html">Tournament
report</a>. }

1. Nf3 d5 2. d4 Nf6 3. c4 dxc4 4. e3 Bg4 5. Bxc4 e6 6. h3 Bh5 7. Nc3 a6 8.
a4 Nc6 9. O-O Bd6 10. Be2 O-O 11. b3 Qe8 12. Bb2 Rd8 13. Nd2 Bg6 14. Nc4
Bb4 15. Qc1 Ne4 16. Bf3 Bxc3 17. Bxc3 Qe7 18. Bb2 Qh4 19. Bxe4 Bxe4 20. Qc3
f6 21. Nd2 Bg6 22. Nf3 Qe4 23. Rac1 Rd7 24. b4 Ne7 25. Qb3 Nd5 26. Rc5 Rfd8
27. b5 axb5 28. Rxb5 b6 29. Rc1 Be8 30. Qc4 Rd6 31. Rb3 Rc6 32. Qa6 Rxc1+
33. Bxc1 Qc2 0-1